Normal view
MARC view
Entry Personal Name
001 - CONTROL NUMBER
- control field: 20817
003 - CONTROL NUMBER IDENTIFIER
- control field: ARRUPE
005 - DATE AND TIME OF LATEST TRANSACTION
- control field: 20151030113821.0
008 - FIXED-LENGTH DATA ELEMENTS
- fixed length control field: 151030|| aca||aabn | a|a d
040 ## - CATALOGING SOURCE
- Original cataloging agency: ARRUPE
- Transcribing agency: ARRUPE
100 ## - HEADING--PERSONAL NAME
- Personal name: Kelly, A. V.
- Fuller form of name: (Albert Victor)
670 ## - SOURCE DATA FOUND
- Source citation: Work cat.: (ARRUPE)0: Kelly, A. V. 20816, The National Curriculum , c1990.